| 000 | 01865cam a22002533a 4500 | ||
|---|---|---|---|
| 001 | 3138 | ||
| 003 | PGUSA | ||
| 005 | 20140828083026.0 | ||
| 008 | 020301s2002||||xxu|||||s|||||000 p eng d | ||
| 040 |
_aPGUSA _beng |
||
| 042 | _adc | ||
| 050 | 4 | _aPR | |
| 100 | 1 |
_aLang, Andrew, _d1844-1912 |
|
| 245 | 1 | 0 |
_aBallades in Blue China, and Verses and Translations _h[electronic resource] / _cAndrew Lang |
| 260 |
_bProject Gutenberg, _c2002 |
||
| 505 | 0 | _aBallade of Theocritus -- Ballade of Cleopatra's needle -- Ballade of roulette -- Ballade of sleep -- Ballade of the midnight forest -- Ballade of the Tweed -- Ballade of the book-hunter -- Ballade of the voyage to Cythera -- Ballade of the summer term -- Ballade of the muse -- Ballade against the Jesuits -- Ballade of dead cities -- Ballade of the royal game of golf -- Double ballade of primitive man -- Ballade of autumn -- Ballade of true wisdom -- Ballade of worldly wealth -- Ballade of life -- Ballade of blue china -- Ballade of dead ladies -- Villon's ballade of good counsel -- Ballade of the bookworm -- Valentine in form of ballade -- Ballade of old plays -- Ballade of his books -- Ballade of the dream -- Ballade of the Southern Cross -- Ballade of Aucassin -- Ballade amoureuse -- Ballade of Queen Anne -- Ballade of blind love -- Ballade of his choice of a sepulchre -- Dizain -- A portrait of 1783 -- The moon's minion -- In Ithaca -- Homer -- The burial of Moliere -- Bion -- Spring -- Before the snow -- Villanelle -- Natural theology -- The Odyssey -- Ideal -- The fairy's gift -- Benedetta Ramus -- Partant pour la Scribie -- St. Andrew's Bay -- Woman and the weed. | |
| 506 | _aPublic domain in the USA. | ||
| 516 | _aElectronic text | ||
| 653 | _aPoetry | ||
| 653 | _aBallades | ||
| 830 | 0 |
_aProject Gutenberg _v3138 |
|
| 856 | 4 | 0 | _uhttp://www.gutenberg.org/ebooks/3138 |
| 942 | _cEB | ||
| 999 |
_c232467 _d232467 |
||